Miasta i wsie w Beskidzie Sądeckim - Statystyki

Ogólne statystyki
  • Ten quiz został rozwiązany 3 razy
  • Średni wynik to 25 z 62
Statystyki odpowiedzi
Gmina Odpowiedź % Poprawnych
Krościenko nad Dunajcem Krościenko nad Dunajcem
100%
Krynica-Zdrój Krynica-Zdrój
100%
Łabowa Łabowa
100%
Łącko Łącko
100%
Muszyna Muszyna
100%
Nawojowa Nawojowa
100%
Piwniczna-Zdrój Piwniczna-Zdrój
100%
Rytro Rytro
100%
Szczawnica Szczawnica
100%
Łabowa Krzyżówka
67%
Krynica-Zdrój Tylicz
67%
Piwniczna-Zdrój Wierchomla Mała
67%
Piwniczna-Zdrój Wierchomla Wielka
67%
Muszyna Żegiestów
67%
Muszyna Andrzejówka
33%
Nawojowa Bącza-Kunina
33%
Stary Sącz Barcice
33%
Łabowa Barnowiec
33%
Łącko Brzyna
33%
Łabowa Czaczów
33%
Nawojowa Frycowa
33%
Nawojowa Homrzyska
33%
Muszyna Jastrzębik
33%
Szczawnica Jaworki
33%
Łabowa Łabowiec
33%
Łącko Łazy Brzyńskie
33%
Piwniczna-Zdrój Łomnica-Zdrój
33%
Łabowa Łosie
33%
Łabowa Maciejowa
33%
Łącko Maszkowice
33%
Muszyna Milik
33%
Piwniczna-Zdrój Młodów
33%
Krynica-Zdrój Mochnaczka Niżna
33%
Krynica-Zdrój Mochnaczka Wyżna
33%
Stary Sącz Moszczenica Wyżna
33%
Łabowa Nowa Wieś
33%
Łącko Obidza
33%
Rytro Obłazy Ryterskie
33%
Muszyna Powroźnik
33%
Stary Sącz Przysietnica
33%
Rytro Roztoka Ryterska
33%
Łabowa Roztoka Wielka
33%
Rytro Sucha Struga
33%
Muszyna Szczawnik
33%
Szczawnica Szlachtowa
33%
Ochotnica Dolna Tylmanowa
33%
Łabowa Uhryń
33%
Łącko Zarzecze
33%
Nawojowa Żeleźnikowa Mała
33%
Nawojowa Żeleźnikowa Wielka
33%
Muszyna Złockie
33%
Nawojowa Złotne
33%
Piwniczna-Zdrój Zubrzyk
33%
Stary Sącz Gaboń
0%
Piwniczna-Zdrój Głębokie
0%
Łącko Gronie
0%
Piwniczna-Zdrój Kokuszka
0%
Stary Sącz Myślec
0%
Stary Sącz Popowice
0%
Łabowa Składziste
0%
Stary Sącz Skrudzina
0%
Stary Sącz Wola Krogulecka
0%
Nie znaleziono quizów pasujących do podanych kryteriów
Rozkład punktacji
Procent ludzi z każdym wynikiem
Percentyl według liczby udzielonych odpowiedzi
Twoja historia wyników
Nie rozwiązałeś tego quizu